[Event "Baden-ch U16"]
[Site "Karlsruhe"]
[Date "2008.01.02"]
[Round "1"]
[White "Weber, Raphael"]
[Black "Reither, Stefan"]
[Result "1-0"]
[WhiteElo "1796"]
[BlackElo "1477"]
[PlyCount "81"]
[EventDate "2008.01.02"]
[EventType "swiss"]
[EventRounds "7"]
[EventCountry "GER"]
[SourceTitle "EXT 2009"]
[Source "ChessBase"]
[SourceDate "2008.11.26"]
[SourceVersion "1"]
[SourceVersionDate "2008.11.26"]
[SourceQuality "1"]

1. e4 d5 2. exd5 Nf6 3. d4 Nxd5 4. c4 Nb6 5. Nc3 Nc6 6. Be3 Bf5 7. Nf3 e6 8. Be2 Be7 9. 0-0 0-0 10. Qd2 Nb4 11. Rac1 a5 12. Rfd1 Qc8 13. a3 Na6 14. Bf4 c6 15. Qe3 Re8 16. Ne4 Nd7 17. Nd6 Bxd6 18. Bxd6 Nf6 19. Be5 Ng4 20. Qd2 Nxe5 21. Nxe5 Qc7 22. c5 Nb8 23. Nc4 Nd7 24. Nd6 Re7 25. Bc4 Bg6 26. Rc3 b6 27. Bd3 bxc5 28. dxc5 Bxd3 29. Qxd3 Rb8 30. Qg3 Nf6 31. Rcd3 Nd5 32. Rb3 Kf8 33. Qd3 g6 34. Qh3 Rxb3 35. Qxb3 Qa7 36. Qc4 Rd7 37. Qd4 Kg8 38. Ne8 f5 39. Re1 Kf7 40. Qg7+ Kxe8 41. Qg8+ 1-0